Probability and statistics (Record no. 8154)

MARC details
000 -LEADER
fixed length control field 00452nam a2200169Ia 4500
008 - FIXED-LENGTH DATA ELEMENTS--GENERAL INFORMATION
fixed length control field 230917s9999||||xx |||||||||||||| ||und||
020 ## - ISBN
Price RS 250.00
040 ## - CATALOGING SOURCE
-- 5011958
Original cataloging agency VIVEKANANDA LIBRARY
041 ## - Language
-- English
082 ## - DDC NUMBER
Classification number 519.2 M896P
100 ## - MAIN ENTRY--PERSONAL NAME
Personal name Mukesh Kumar
245 #0 - TITLE STATEMENT
Title Probability and statistics
260 ## - PUBLICATION, DISTRIBUTION, ETC. (IMPRINT)
Place of publication, distribution, etc New Delhi
Name of publisher, distributor, etc Medtech International
Date of publication, distribution, etc 2018
300 ## - PHYSICAL DESCRIPTION
Pages xi, 164 p.
500 ## - GENERAL NOTE
General note 4967 02/01/2023 IF23/1072 13/02/2023 Main Budget
942 ## - ADDED ENTRY ELEMENTS (KOHA)
Koha item type Books
Holdings
Withdrawn status Lost status Damaged status Not for loan Location (home branch) Sublocation or collection (holding branch) Date acquired Koha issues (times borrowed) Koha full call number Accession No. Koha date last seen Koha item type
        VIVEKANANDA LIBRARY VIVEKANANDA LIBRARY 04/03/2023   519.2 M896P 403484 17/09/2023 Books
© Designed and Maintained by Vivekananda Library, MDU Rohtak